Lughat Tamīm : dirāsah tārīkhīyah wasf̣īyah /

محفوظ في:

المؤلف الرئيسي: ʻAbd al-Bāqī, Ḍāḥī.

التنسيق: كتاب

اللغة: Arabic

منشور في: [Cairo] : Jumhūrīyat Misṛ al-ʻArabīyah, Majmaʻ al-Lughah al-ʻArabīyah, Lajnat al-Lahajāt, 1985.

الموضوعات:

الوسوم: إضافة وسم

لا توجد وسوم, كن أول من يضع وسما على هذه التسجيلة!

رقم الطلب: PJ6841 .A62 1985

LEADER 00988nam a2200241 a 4500
003 OSt
005 20231029132213.0
008 990727s1985 ua b 00010 ara d
999 |c 54870  |d 54870 
040 |c ARCE Library 
043 |a a-su--- 
050 4 |a PJ6841 .A62 1985  
100 1 |6 880-01  |a ʻAbd al-Bāqī, Ḍāḥī. 
245 1 0 |6 880-02  |a Lughat Tamīm :  |b dirāsah tārīkhīyah wasf̣īyah /  |c taʼlīf Dạ̄hị̄ ʻAbd al-Bāqī. 
260 |6 880-03  |a [Cairo] :  |b Jumhūrīyat Misṛ al-ʻArabīyah, Majmaʻ al-Lughah al-ʻArabīyah, Lajnat al-Lahajāt,  |c 1985. 
300 |a 5, 662 p. ;  |c 28 cm. 
504 |a Includes bibliographical references (p. 615-641). 
650 0 |a Arabic language  |x Dialects  |z Saudi Arabia  |z Tamim. 
651 0 |a Saudi Arabia  |x Language. 
880 1 |6 100-01/(3/r  |a عبد الباقي، ضاحي 
880 1 0 |6 245-02/(3/r  |a لغة تميم :  |b دراسة تاريخية وصفية   |c تأليف ضاحي عبد الباقي.. 
901 |a reviewed 
942 |2 lcc  |c BK